| 000 | 00668nam a2200193Ia 4500 | ||
|---|---|---|---|
| 003 | GCL | ||
| 008 | 140319s9999 xx 000 0 ara d | ||
| 040 |
_aGCL / _cGCL |
||
| 082 | 0 | 4 |
_a349.2 _bع ب |
| 100 | 1 | _aعبدالحميد متولى | |
| 245 | 1 | 0 |
_aبحوث اسلامية القيت فى الموسم الثقافى لجامعة ام درمان الاسلامية عام 1979 / _cعبدالحميد متولى |
| 260 |
_a[S.N] : _bمكتبه النهضه المصريه ، _c1979 |
||
| 300 | _a69 ص | ||
| 490 | _a | ||
| 650 | 0 | 4 | _aالقانون |
| 650 | 0 | 4 | _aالقانون الدستورى |
| 650 | 0 | 4 | _aالقانون المقارن |
| 942 |
_2ddc _cBK |
||
| 999 |
_c29003 _d29003 |
||